Química: manual de preparación para la Prueba de Conocimientos Específicos

সংরক্ষণ করুন:
গ্রন্থ-পঞ্জীর বিবরন
প্রধান লেখক: Guzmán Porras, Javier Andrés (Author)
বিন্যাস: গ্রন্থ
ভাষা:স্প্যানিশ
প্রকাশিত: Santiago Ediciones Universidad Católica de Chile 1999
সংস্করন:1a. ed
বিষয়গুলি:
ট্যাগগুলো: ট্যাগ যুক্ত করুন
কোনো ট্যাগ নেই, প্রথমজন হিসাবে ট্যাগ করুন!

MARC

LEADER 00000nam a2200000 a 4500
001 UCH6603
003 CL-VaPUC
008 091109e19990000CL |||||||||||||||||spa|d
020 |a 9561405245 
082 0 4 |a 540.712  |b GUZ  |2 21 
100 |a Guzmán Porras, Javier Andrés  |e author  |9 549284 
245 1 0 |a Química: manual de preparación para la Prueba de Conocimientos Específicos 
250 |a 1a. ed 
300 |a 170 p 
942 |c BK 
945 |d 20091109 00:00:00  |a lazolas 
260 |a Santiago  |b Ediciones Universidad Católica de Chile  |c 1999 
650 0 |a Educación  |9 258661 
650 7 |a PRUEBAS EDUCACIONALES  |2 CL-VaPUC  |9 415967 
650 0 |a Química  |9 259896 
650 7 |a QUIMICA - PROBLEMAS Y EJERCICIOS  |2 CL-VaPUC  |9 543212 
650 0 |a Reacciones químicas  |9 259438 
650 0 |a Cinética  |9 260943 
650 0 |a Equilibrio químico   |9 259943 
650 7 |a PRUEBA DE APTITUD ACADEMICA  |2 CL-VaPUC  |9 543213 
650 7 |a PRUEBA DE CONOCIMIENTOS ESPECIFICOS  |2 CL-VaPUC  |9 543214 
583 |a last modification  |c 20091109 00:00:00  |k Rodrigo Vera 
999 |c 337466  |d 337464